00682cam a22002171 450000100060000000300080000600500170001400800390003103500190007003500180008904000410010704100080014808200200015610000320017624500520020826000840026030000200034449000430036450400260040760000310043317014BD-RjUL20211209000057.0140216r19681963xx 001 0 eng a(BD-RjUL)17071 a(OCoLC)359990 aDLCcODaWUdOCoLCdDLCdBD-RjULbeng aeng04a813.5bDAG 19681 aDaiches, David,d1912-2005.10aGeorge Eliot : bMiddlemarch /c David Daiches. aGreat Neck, N.Y. :bBarron's Educational Series, inc.,cc1963 [Reprinted 1968]. a72 p. ;c20 cm.0 aStudies in English literature,vno. 11 aBibliography: p. [70]10aEliot, George,d1819-1880.